| 000 | 00488nam a2200181Ia 4500 | ||
|---|---|---|---|
| 001 | 57435 | ||
| 008 | 140213n ii |||gr||||Z||||||465 | ||
| 020 | _a978-81-904589-2-4 | ||
| 082 | _a510 | ||
| 245 | 0 |
_aMagical Book on Quicker Maths _cM. Tyra _hTextual Documents |
|
| 250 | _a3rd ed. | ||
| 260 |
_aDelhi: _bBSC Publishing Co.Pvt Ltd ., _c1604/El. |
||
| 300 |
_a807pg: _c23cm. |
||
| 653 | _aMathematics | ||
| 653 | _aG- Mathematics | ||
| 700 |
_aTyra, M., _eAuthor., |
||
| 942 |
_2ddc _cBK |
||
| 999 |
_c57348 _d57348 |
||